00987nam a22001097a 4500008004100000100004300041245002700084260004600111300003200157520064200189773004600831201031b ||||| |||| 00| 0 eng d aJanssen, Maarten C.W and Ke, T. Tony.  aSearching for service  aAmerican Economic Journal: Microeconomics a12(1), Feb, 2020: p.188-219 aSince Telser (1960), there is a well-established argument that a competitive market will not provide service due to freeriding. We show that with search frictions, the market may well provide service if the cost of doing so is not too large. Any market equilibrium with service provision has two or more firms providing service, implying overprovision of service as the social optimum mandates at most one service provider. Firms that provide service and those that do not can coexist, where consumers direct their search to service providers first to obtain service, and to nonservice providers later to enjoy lower prices.- Reproduced  aAmerican Economic Journal: Microeconomics